[Event "Blitz 2018"]
[Site "Saint-Petersburg"]
[Date "2018.12.30"]
[Round "18"]
[Board "29"]
[White "Inarkiev Ernesto (RUS)"]
[Black "Kazhgaleyev Murtas (KAZ)"]
[Result "1-0"]
[LiveChessVersion "1.4.8"]
[BlackElo "2553"]
[WhiteElo "2674"]

1. c4 {[%clk 0:03:03]} e5 {[%clk 0:03:02]} 2. Nc3 {[%clk 0:03:04]} Bb4
{[%clk 0:03:02]} 3. Nd5 {[%clk 0:03:05]} Bc5 {[%clk 0:03:03]} 4. e3
{[%clk 0:03:06]} c6 {[%clk 0:02:59]} 5. d4 {[%clk 0:02:38]} cxd5 {[%clk 0:02:30]}
6. dxc5 {[%clk 0:02:39]} dxc4 {[%clk 0:02:30]} 7. Bxc4 {[%clk 0:02:15]} Nf6
{[%clk 0:02:24]} 8. Nf3 {[%clk 0:02:11]} Qa5+ {[%clk 0:02:09]} 9. Bd2
{[%clk 0:02:12]} Qxc5 {[%clk 0:02:10]} 10. Qb3 {[%clk 0:01:38]} d5
{[%clk 0:01:59]} 11. Bb5+ {[%clk 0:01:29]} Nbd7 {[%clk 0:01:47]} 12. Nxe5
{[%clk 0:01:27]} Qd6 {[%clk 0:01:25]} 13. Nxd7 {[%clk 0:01:21]} Bxd7
{[%clk 0:01:26]} 14. Bb4 {[%clk 0:01:22]} Qb6 {[%clk 0:01:19]} 15. Bxd7+
{[%clk 0:01:21]} Nxd7 {[%clk 0:01:19]} 16. Qc3 {[%clk 0:00:54]} f6
{[%clk 0:01:12]} 17. O-O {[%clk 0:00:49]} a5 {[%clk 0:01:12]} 18. Ba3
{[%clk 0:00:50]} Kf7 {[%clk 0:01:13]} 19. Rfd1 {[%clk 0:00:51]} Qc6
{[%clk 0:01:03]} 20. Qd4 {[%clk 0:00:49]} Rhc8 {[%clk 0:00:46]} 21. Qxd5+
{[%clk 0:00:48]} Qxd5 {[%clk 0:00:47]} 22. Rxd5 {[%clk 0:00:49]} Ne5
{[%clk 0:00:47]} 23. Rad1 {[%clk 0:00:43]} Rc2 {[%clk 0:00:47]} 24. h3
{[%clk 0:00:42]} Rac8 {[%clk 0:00:45]} 25. Rxa5 {[%clk 0:00:43]} Nc4
{[%clk 0:00:38]} 26. Rd7+ {[%clk 0:00:41]} Ke8 {[%clk 0:00:35]} 27. Re7+
{[%clk 0:00:42]} 1-0

[Event "Blitz 2018"]
[Site "Saint-Petersburg"]
[Date "2018.12.30"]
[Round "18"]
[Board "30"]
[White "Esipenko Andrey (RUS)"]
[Black "Najer Evgeniy (RUS)"]
[Result "1-0"]
[LiveChessVersion "1.4.8"]
[BlackElo "2573"]
[WhiteElo "2673"]

1. d4 {[%clk 0:03:03]} Nf6 {[%clk 0:03:03]} 2. Nf3 {[%clk 0:03:04]} e6
{[%clk 0:03:05]} 3. c4 {[%clk 0:03:00]} Bb4+ {[%clk 0:03:06]} 4. Nbd2
{[%clk 0:03:01]} O-O 5. a3 Be7 {[%clk 0:03:07]} 6. e4 {[%clk 0:03:03]} d6
{[%clk 0:03:08]} 7. Be2 {[%clk 0:03:04]} Nc6 {[%clk 0:02:53]} 8. b4
{[%clk 0:02:57]} e5 {[%clk 0:02:54]} 9. d5 {[%clk 0:02:53]} Nb8 {[%clk 0:02:55]}
10. O-O {[%clk 0:02:49]} Ne8 {[%clk 0:02:49]} 11. Bb2 {[%clk 0:02:47]} f5
{[%clk 0:02:48]} 12. c5 {[%clk 0:02:45]} Nf6 {[%clk 0:02:24]} 13. cxd6
{[%clk 0:02:42]} cxd6 {[%clk 0:02:25]} 14. exf5 {[%clk 0:02:42]} Bxf5
{[%clk 0:02:24]} 15. Ng5 {[%clk 0:02:42]} Na6 {[%clk 0:02:05]} 16. Nc4
{[%clk 0:02:32]} Nc7 {[%clk 0:02:02]} 17. Ne3 {[%clk 0:02:31]} Nfxd5
{[%clk 0:01:49]} 18. Nxf5 {[%clk 0:02:14]} Bxg5 {[%clk 0:01:31]} 19. Bc4
{[%clk 0:01:56]} Rxf5 {[%clk 0:01:29]} 20. Bxd5+ {[%clk 0:01:57]} Nxd5
{[%clk 0:01:29]} 21. Qxd5+ {[%clk 0:01:58]} Rf7 {[%clk 0:01:06]} 22. Rad1
{[%clk 0:01:59]} Rc8 {[%clk 0:00:47]} 23. Qxd6 {[%clk 0:01:56]} Qxd6
{[%clk 0:00:47]} 24. Rxd6 e4 25. Bd4 {[%clk 0:01:52]} b6 {[%clk 0:00:45]} 26. g3
{[%clk 0:01:45]} h6 {[%clk 0:00:31]} 27. h4 {[%clk 0:01:20]} Be7 {[%clk 0:00:32]}
28. Rd5 {[%clk 0:01:19]} Bf6 {[%clk 0:00:26]} 29. Be3 {[%clk 0:01:19]} Rc3
{[%clk 0:00:25]} 30. a4 {[%clk 0:01:19]} Rc4 {[%clk 0:00:25]} 31. Rb1
{[%clk 0:01:19]} Rfc7 {[%clk 0:00:22]} 32. a5 {[%clk 0:01:18]} bxa5
{[%clk 0:00:15]} 33. bxa5 {[%clk 0:01:14]} Kf7 {[%clk 0:00:16]} 34. Kg2
{[%clk 0:01:10]} Ke6 {[%clk 0:00:14]} 35. Rdb5 {[%clk 0:01:12]} Ra4
{[%clk 0:00:14]} 36. Rd1 {[%clk 0:01:04]} Ra2 {[%clk 0:00:12]} 37. Kh3
{[%clk 0:00:56]} Ra3 {[%clk 0:00:07]} 38. Bf4 {[%clk 0:00:48]} Re7
{[%clk 0:00:04]} 39. Rd6+ Kf7 40. Be3 {[%clk 0:00:44]} Bc3 {[%clk 0:00:05]} 41.
a6 {[%clk 0:00:44]} Be1 {[%clk 0:00:04]} 42. Rb7 {[%clk 0:00:38]} Rxb7
{[%clk 0:00:03]} 43. axb7 {[%clk 0:00:38]} Rb3 {[%clk 0:00:04]} 44. Rd7+
{[%clk 0:00:40]} Ke6 {[%clk 0:00:05]} 45. Rxg7 {[%clk 0:00:41]} Bc3
{[%clk 0:00:05]} 46. Rh7 {[%clk 0:00:39]} a5 {[%clk 0:00:06]} 47. Bf4
{[%clk 0:00:39]} Be5 {[%clk 0:00:07]} 48. Rxh6+ {[%clk 0:00:39]} Kd5
{[%clk 0:00:08]} 49. Rh5 {[%clk 0:00:40]} 1-0

[Event "Blitz 2018"]
[Site "Saint-Petersburg"]
[Date "2018.12.30"]
[Round "18"]
[Board "31"]
[White "Alekseenko Kirill (RUS)"]
[Black "Khanin Semen (RUS)"]
[Result "1-0"]
[LiveChessVersion "1.4.8"]
[BlackElo "2564"]
[WhiteElo "2665"]

1. d4 {[%clk 0:03:03]} Nf6 {[%clk 0:03:03]} 2. Nc3 {[%clk 0:03:04]} d5
{[%clk 0:03:04]} 3. Bf4 {[%clk 0:03:06]} a6 {[%clk 0:03:05]} 4. e3
{[%clk 0:03:07]} e6 {[%clk 0:03:06]} 5. g4 {[%clk 0:03:08]} c5 {[%clk 0:03:07]}
6. g5 {[%clk 0:03:09]} Nfd7 {[%clk 0:03:08]} 7. h4 {[%clk 0:03:09]} Nc6
{[%clk 0:03:09]} 8. Nf3 {[%clk 0:03:09]} b5 {[%clk 0:03:10]} 9. Ne2
{[%clk 0:03:10]} Be7 {[%clk 0:03:08]} 10. c3 {[%clk 0:03:08]} b4 {[%clk 0:03:04]}
11. Bh3 {[%clk 0:03:07]} a5 {[%clk 0:03:04]} 12. h5 {[%clk 0:03:00]} Ba6
{[%clk 0:02:56]} 13. Bg4 {[%clk 0:02:53]} Qb6 {[%clk 0:02:49]} 14. Kf1
{[%clk 0:02:46]} a4 {[%clk 0:02:44]} 15. Kg2 {[%clk 0:02:33]} Qb5
{[%clk 0:02:34]} 16. Ng3 {[%clk 0:02:21]} a3 {[%clk 0:02:10]} 17. bxa3
{[%clk 0:02:17]} bxc3 {[%clk 0:02:09]} 18. Rc1 {[%clk 0:02:12]} Qd3
{[%clk 0:01:59]} 19. Qa4 {[%clk 0:02:00]} Qb5 {[%clk 0:01:37]} 20. Qd1
{[%clk 0:01:56]} Qd3 {[%clk 0:01:38]} 21. dxc5 {[%clk 0:01:46]} Nxc5
{[%clk 0:01:31]} 22. Ne5 {[%clk 0:01:34]} Nxe5 {[%clk 0:01:31]} 23. Bxe5
{[%clk 0:01:35]} Qxd1 {[%clk 0:01:28]} 24. Rhxd1 {[%clk 0:01:33]} Nd3
{[%clk 0:01:27]} 25. Rxd3 {[%clk 0:01:00]} Bxd3 {[%clk 0:01:27]} 26. Rxc3
{[%clk 0:01:00]} Bc4 {[%clk 0:01:28]} 27. Bxg7 {[%clk 0:01:01]} Rg8
{[%clk 0:01:29]} 28. h6 {[%clk 0:01:02]} Rxa3 {[%clk 0:01:29]} 29. Rxa3
{[%clk 0:00:57]} Bxa3 {[%clk 0:01:29]} 30. g6 {[%clk 0:00:58]} Bd3
{[%clk 0:01:26]} 31. e4 {[%clk 0:00:56]} fxg6 {[%clk 0:00:29]} 32. Bxe6
{[%clk 0:00:58]} Rf8 {[%clk 0:00:29]} 33. Bxd5 {[%clk 0:00:35]} Bc5
{[%clk 0:00:19]} 34. f3 {[%clk 0:00:31]} Rf4 {[%clk 0:00:16]} 35. Bg8
{[%clk 0:00:30]} Rh4 {[%clk 0:00:16]} 36. Bxh7 {[%clk 0:00:28]} Kf7
{[%clk 0:00:17]} 37. a4 {[%clk 0:00:14]} Be3 {[%clk 0:00:18]} 38. Bxg6+
{[%clk 0:00:08]} Kxg6 39. Nf5 Bg5 {[%clk 0:00:07]} 40. Nxh4+ {[%clk 0:00:08]}
Bxh4 {[%clk 0:00:08]} 41. Kh3 {[%clk 0:00:06]} Bg5 {[%clk 0:00:09]} 42. Kg4
{[%clk 0:00:07]} Bxh6 {[%clk 0:00:07]} 43. Bxh6 {[%clk 0:00:08]} Kxh6
{[%clk 0:00:08]} 44. Kf5 {[%clk 0:00:09]} Kg7 {[%clk 0:00:07]} 45. Ke6
{[%clk 0:00:09]} Kg6 {[%clk 0:00:06]} 46. a5 {[%clk 0:00:08]} Kg5
{[%clk 0:00:06]} 47. Ke5 {[%clk 0:00:09]} Kg6 {[%clk 0:00:05]} 48. f4
{[%clk 0:00:11]} Kf7 {[%clk 0:00:06]} 49. Kd4 {[%clk 0:00:11]} Bf1
{[%clk 0:00:06]} 50. Kd5 {[%clk 0:00:09]} Kf6 {[%clk 0:00:05]} 51. Kd6
{[%clk 0:00:09]} Bd3 {[%clk 0:00:05]} 52. e5+ {[%clk 0:00:10]} Kf7
{[%clk 0:00:04]} 53. e6+ {[%clk 0:00:09]} Ke8 {[%clk 0:00:05]} 54. Ke5
{[%clk 0:00:10]} Ke7 {[%clk 0:00:05]} 55. f5 {[%clk 0:00:12]} Ba6
{[%clk 0:00:05]} 56. f6+ {[%clk 0:00:13]} Ke8 {[%clk 0:00:06]} 57. Kd6
{[%clk 0:00:14]} Kf8 {[%clk 0:00:07]} 58. Kd7 {[%clk 0:00:14]} Bb5+
{[%clk 0:00:09]} 59. Kd8 {[%clk 0:00:15]} Kg8 {[%clk 0:00:07]} 60. a6
{[%clk 0:00:13]} 1-0

[Event "Blitz 2018"]
[Site "Saint-Petersburg"]
[Date "2018.12.30"]
[Round "18"]
[Board "32"]
[White "Salem A.R. Saleh (UAE)"]
[Black "Reshetnikov Alexey (RUS)"]
[Result "1-0"]
[LiveChessVersion "1.4.8"]
[BlackElo "2473"]
[WhiteElo "2645"]

1. d4 {[%clk 0:03:03]} d5 {[%clk 0:03:04]} 2. c4 {[%clk 0:03:03]} c6
{[%clk 0:03:05]} 3. Nf3 {[%clk 0:03:04]} Nf6 {[%clk 0:03:06]} 4. Nc3
{[%clk 0:03:05]} dxc4 {[%clk 0:03:05]} 5. e4 {[%clk 0:03:06]} b5 {[%clk 0:03:05]}
6. Be2 {[%clk 0:03:06]} e6 {[%clk 0:02:49]} 7. O-O {[%clk 0:03:05]} Nbd7
{[%clk 0:02:44]} 8. e5 {[%clk 0:02:24]} Nd5 {[%clk 0:02:45]} 9. a4
{[%clk 0:02:25]} Bb7 {[%clk 0:02:22]} 10. Ne4 {[%clk 0:02:24]} a6
{[%clk 0:02:03]} 11. Nfg5 {[%clk 0:02:23]} c5 {[%clk 0:01:45]} 12. Bh5
{[%clk 0:01:58]} g6 {[%clk 0:01:19]} 13. Qf3 {[%clk 0:01:58]} f5 {[%clk 0:01:17]}
14. Nxh7 {[%clk 0:01:58]} Nxe5 {[%clk 0:00:54]} 15. dxe5 {[%clk 0:01:49]} fxe4
{[%clk 0:00:55]} 16. Bxg6+ {[%clk 0:01:46]} Kd7 {[%clk 0:00:56]} 17. Bxe4
{[%clk 0:01:34]} Be7 {[%clk 0:00:58]} 18. Nf6+ {[%clk 0:01:19]} Bxf6
{[%clk 0:00:54]} 19. exf6 {[%clk 0:01:20]} Qc7 {[%clk 0:00:51]} 20. g3
{[%clk 0:01:09]} Raf8 {[%clk 0:00:47]} 21. Bg5 {[%clk 0:01:08]} Qe5
{[%clk 0:00:48]} 22. h4 {[%clk 0:01:09]} b4 {[%clk 0:00:38]} 23. Rac1
{[%clk 0:01:01]} Rfg8 {[%clk 0:00:11]} 24. Rxc4 {[%clk 0:00:45]} Rxg5
{[%clk 0:00:13]} 25. hxg5 {[%clk 0:00:46]} Qxg5 {[%clk 0:00:14]} 26. Rxc5
{[%clk 0:00:33]} Qh6 {[%clk 0:00:08]} 27. Rd1 {[%clk 0:00:33]} Ke8
{[%clk 0:00:00]} 1-0

[Event "Blitz 2018"]
[Site "Saint-Petersburg"]
[Date "2018.12.30"]
[Round "18"]
[Board "33"]
[White "Kovalev Vladislav (BLR)"]
[Black "Anton Guijarro David (ESP)"]
[Result "0-1"]
[LiveChessVersion "1.4.8"]
[BlackElo "2631"]
[WhiteElo "2553"]

1. e4 {[%clk 0:03:03]} e5 {[%clk 0:03:03]} 2. Nf3 {[%clk 0:03:04]} Nc6
{[%clk 0:03:04]} 3. Nc3 {[%clk 0:03:05]} Nf6 {[%clk 0:03:02]} 4. h3
{[%clk 0:03:06]} Bb4 {[%clk 0:03:00]} 5. Bd3 {[%clk 0:03:08]} d6 {[%clk 0:02:57]}
6. O-O {[%clk 0:03:08]} a6 {[%clk 0:02:56]} 7. Re1 {[%clk 0:03:07]} Bc5
{[%clk 0:02:50]} 8. a3 {[%clk 0:02:39]} g5 {[%clk 0:02:48]} 9. Nh2
{[%clk 0:02:19]} g4 {[%clk 0:02:38]} 10. hxg4 {[%clk 0:02:15]} h5
{[%clk 0:02:31]} 11. gxh5 {[%clk 0:01:33]} Nxh5 {[%clk 0:02:20]} 12. Re3
{[%clk 0:01:01]} Qh4 {[%clk 0:02:01]} 13. Qf3 {[%clk 0:00:44]} Nd4
{[%clk 0:01:41]} 14. Qh3 {[%clk 0:00:12]} Bxh3 {[%clk 0:01:39]} 15. Rxh3
{[%clk 0:00:13]} Ne2+ {[%clk 0:01:31]} 0-1

[Event "Blitz 2018"]
[Site "Saint-Petersburg"]
[Date "2018.12.30"]
[Round "18"]
[Board "34"]
[White "Al-Sayed Mohammed (QAT)"]
[Black "Motylev Alexander (RUS)"]
[Result "1/2-1/2"]
[LiveChessVersion "1.4.8"]
[BlackElo "2609"]
[WhiteElo "2547"]

1. d4 {[%clk 0:03:03]} d5 {[%clk 0:03:03]} 2. c4 {[%clk 0:03:03]} c6
{[%clk 0:03:04]} 3. Nf3 {[%clk 0:03:01]} Nf6 {[%clk 0:03:06]} 4. e3
{[%clk 0:02:53]} Nbd7 {[%clk 0:03:06]} 5. Nbd2 {[%clk 0:02:38]} g6
{[%clk 0:03:06]} 6. b3 {[%clk 0:02:37]} Bg7 {[%clk 0:03:06]} 7. Bb2
{[%clk 0:02:38]} O-O {[%clk 0:03:06]} 8. Be2 {[%clk 0:02:34]} a5 {[%clk 0:03:03]}
9. O-O {[%clk 0:02:26]} a4 {[%clk 0:03:04]} 10. Qc2 {[%clk 0:02:22]} Re8
{[%clk 0:02:56]} 11. Rac1 {[%clk 0:02:18]} Nf8 {[%clk 0:02:44]} 12. bxa4
{[%clk 0:02:06]} Qa5 {[%clk 0:02:43]} 13. Bd1 {[%clk 0:02:06]} Bf5
{[%clk 0:02:38]} 14. Qc3 {[%clk 0:01:53]} Qa7 {[%clk 0:02:33]} 15. Bb3
{[%clk 0:01:53]} N8d7 {[%clk 0:02:27]} 16. h3 {[%clk 0:01:43]} Nb6
{[%clk 0:02:24]} 17. Qb4 {[%clk 0:01:35]} dxc4 {[%clk 0:02:10]} 18. Nxc4
{[%clk 0:01:34]} Nfd5 {[%clk 0:02:10]} 19. Qd2 {[%clk 0:01:28]} Nxa4
{[%clk 0:02:10]} 20. Ba1 {[%clk 0:01:28]} Nab6 {[%clk 0:01:50]} 21. Nce5
{[%clk 0:01:28]} Nd7 {[%clk 0:01:35]} 22. Nxd7 {[%clk 0:01:26]} Bxd7
{[%clk 0:01:36]} 23. e4 {[%clk 0:01:26]} Nc7 {[%clk 0:01:34]} 24. Bxf7+
{[%clk 0:01:23]} Kxf7 {[%clk 0:01:34]} 25. Qf4+ {[%clk 0:01:24]} Kg8
{[%clk 0:01:32]} 26. Qxc7 {[%clk 0:01:24]} b5 {[%clk 0:01:26]} 27. Qg3
{[%clk 0:01:08]} Qxa2 {[%clk 0:01:25]} 28. d5 {[%clk 0:00:57]} Bxa1
{[%clk 0:00:56]} 29. Rxa1 {[%clk 0:00:58]} Qxa1 30. Rxa1 {[%clk 0:00:59]} Rxa1+
{[%clk 0:00:58]} 31. Kh2 {[%clk 0:01:00]} cxd5 {[%clk 0:00:59]} 32. Qc7
{[%clk 0:00:55]} Be6 {[%clk 0:00:52]} 33. Ng5 {[%clk 0:00:20]} Bf7
{[%clk 0:00:53]} 34. exd5 {[%clk 0:00:18]} Ra6 {[%clk 0:00:49]} 35. Ne4
{[%clk 0:00:10]} Bxd5 {[%clk 0:00:47]} 36. Qd7 {[%clk 0:00:09]} Bf7
{[%clk 0:00:46]} 37. Qxb5 {[%clk 0:00:08]} Re6 {[%clk 0:00:42]} 38. Ng5
{[%clk 0:00:08]} Rf6 {[%clk 0:00:43]} 39. Qc5 {[%clk 0:00:07]} Rf5
{[%clk 0:00:44]} 40. Qe3 {[%clk 0:00:09]} Kg7 {[%clk 0:00:39]} 41. f3
{[%clk 0:00:07]} h6 {[%clk 0:00:38]} 42. Ne4 {[%clk 0:00:07]} Kh7
{[%clk 0:00:36]} 43. Nf2 {[%clk 0:00:06]} g5 {[%clk 0:00:27]} 44. Qe4
{[%clk 0:00:06]} Bg6 {[%clk 0:00:28]} 45. Qe6 {[%clk 0:00:07]} Rf6
{[%clk 0:00:29]} 46. Qe5 {[%clk 0:00:08]} Rf5 {[%clk 0:00:28]} 47. Qe3
{[%clk 0:00:09]} Rf7 {[%clk 0:00:24]} 48. Ng4 {[%clk 0:00:10]} e5
{[%clk 0:00:25]} 49. h4 {[%clk 0:00:10]} h5 {[%clk 0:00:23]} 50. Nf2
{[%clk 0:00:10]} gxh4 {[%clk 0:00:22]} 51. Nh3 {[%clk 0:00:06]} Kg7
{[%clk 0:00:22]} 52. Qg5 {[%clk 0:00:06]} Rf6 {[%clk 0:00:13]} 53. Qxh4
{[%clk 0:00:06]} e4 {[%clk 0:00:14]} 54. fxe4 {[%clk 0:00:06]} Rxe4
{[%clk 0:00:16]} 55. Qg3 {[%clk 0:00:07]} Rg4 {[%clk 0:00:17]} 56. Qc3
{[%clk 0:00:08]} Be4 {[%clk 0:00:17]} 57. g3 {[%clk 0:00:07]} h4 {[%clk 0:00:17]}
58. Qc7+ {[%clk 0:00:06]} Kh6 {[%clk 0:00:16]} 59. Qc1+ {[%clk 0:00:06]} Kh7
{[%clk 0:00:15]} 60. Qc7+ {[%clk 0:00:07]} Rg7 {[%clk 0:00:16]} 61. Qe5
{[%clk 0:00:06]} Rf2+ {[%clk 0:00:06]} 62. Nxf2 {[%clk 0:00:06]} hxg3+
{[%clk 0:00:07]} 63. Kg1 {[%clk 0:00:06]} gxf2+ {[%clk 0:00:08]} 64. Kxf2
{[%clk 0:00:06]} Bg6 {[%clk 0:00:10]} 65. Qh2+ {[%clk 0:00:06]} Kg8
{[%clk 0:00:11]} 66. Ke3 {[%clk 0:00:08]} Rf7 {[%clk 0:00:13]} 67. Kd4
{[%clk 0:00:08]} Rf5 {[%clk 0:00:14]} 68. Qd6 {[%clk 0:00:08]} Kh7
{[%clk 0:00:15]} 69. Qe7+ {[%clk 0:00:09]} Kg8 {[%clk 0:00:16]} 1/2-1/2

[Event "Blitz 2018"]
[Site "Saint-Petersburg"]
[Date "2018.12.30"]
[Round "18"]
[Board "35"]
[White "Tari Aryan (NOR)"]
[Black "Hakobyan Aram (ARM)"]
[Result "1-0"]
[LiveChessVersion "1.4.8"]
[BlackElo "2451"]
[WhiteElo "2608"]

1. e4 {[%clk 0:03:03]} e5 {[%clk 0:03:03]} 2. Nf3 {[%clk 0:03:05]} Nc6
{[%clk 0:03:04]} 3. d4 {[%clk 0:03:06]} exd4 {[%clk 0:03:05]} 4. Nxd4
{[%clk 0:03:07]} Nf6 {[%clk 0:03:01]} 5. Nxc6 bxc6 {[%clk 0:03:02]} 6. e5
{[%clk 0:03:09]} Qe7 {[%clk 0:03:03]} 7. Qe2 {[%clk 0:03:10]} Nd5
{[%clk 0:03:04]} 8. c4 {[%clk 0:03:12]} Nb6 {[%clk 0:03:00]} 9. Nc3
{[%clk 0:03:12]} Qe6 {[%clk 0:03:00]} 10. Qe4 {[%clk 0:03:13]} Bb4
{[%clk 0:02:56]} 11. Bd2 {[%clk 0:02:49]} O-O {[%clk 0:02:40]} 12. Bd3
{[%clk 0:02:48]} f5 {[%clk 0:02:24]} 13. exf6 {[%clk 0:02:48]} Qxe4+
{[%clk 0:02:20]} 14. Nxe4 {[%clk 0:02:49]} Bxd2+ {[%clk 0:02:20]} 15. Kxd2
{[%clk 0:02:49]} gxf6 {[%clk 0:02:22]} 16. b3 {[%clk 0:02:26]} d6
{[%clk 0:02:22]} 17. Rhe1 {[%clk 0:02:19]} Bf5 {[%clk 0:02:09]} 18. c5
{[%clk 0:01:46]} dxc5 {[%clk 0:02:05]} 19. Nxc5 {[%clk 0:01:47]} Rad8
{[%clk 0:02:03]} 20. Re3 {[%clk 0:01:25]} Rd5 {[%clk 0:02:01]} 21. Ne4
{[%clk 0:00:57]} Bg6 {[%clk 0:01:20]} 22. Nc3 {[%clk 0:00:31]} Rd7
{[%clk 0:00:55]} 23. Ke2 {[%clk 0:00:31]} Nd5 {[%clk 0:00:51]} 24. Nxd5
{[%clk 0:00:30]} cxd5 {[%clk 0:00:52]} 25. Rc1 {[%clk 0:00:31]} Kf7
{[%clk 0:00:41]} 26. Rc6 {[%clk 0:00:32]} d4 {[%clk 0:00:26]} 27. Ree6
{[%clk 0:00:23]} Kg7 {[%clk 0:00:27]} 28. Kd2 {[%clk 0:00:22]} Bh5
{[%clk 0:00:10]} 29. Ra6 {[%clk 0:00:15]} Bg4 {[%clk 0:00:07]} 30. Re1
{[%clk 0:00:16]} c5 {[%clk 0:00:07]} 31. Rc6 {[%clk 0:00:17]} Rd5
{[%clk 0:00:06]} 32. Rc1 {[%clk 0:00:18]} Re8 {[%clk 0:00:04]} 33. R1xc5
{[%clk 0:00:19]} Rxc5 {[%clk 0:00:05]} 34. Rxc5 {[%clk 0:00:20]} Re7
{[%clk 0:00:06]} 35. Rd5 {[%clk 0:00:21]} Be6 {[%clk 0:00:05]} 36. Rxd4
{[%clk 0:00:22]} Bf7 {[%clk 0:00:07]} 37. Rd6 {[%clk 0:00:19]} a5
{[%clk 0:00:07]} 38. Bc4 {[%clk 0:00:19]} Bg6 {[%clk 0:00:08]} 39. Rd5
{[%clk 0:00:15]} Ra7 {[%clk 0:00:06]} 40. a4 {[%clk 0:00:17]} Bf7
{[%clk 0:00:07]} 41. Rd6 {[%clk 0:00:18]} Bg6 {[%clk 0:00:08]} 42. Kc3
{[%clk 0:00:19]} Re7 {[%clk 0:00:05]} 43. Kd2 {[%clk 0:00:19]} Rb7
{[%clk 0:00:04]} 44. Ra6 {[%clk 0:00:19]} Rd7+ {[%clk 0:00:05]} 45. Kc3
{[%clk 0:00:20]} Rd1 {[%clk 0:00:04]} 46. Rxa5 {[%clk 0:00:21]} Rc1+
{[%clk 0:00:06]} 47. Kd4 {[%clk 0:00:22]} Rc2 {[%clk 0:00:07]} 48. Bd5
{[%clk 0:00:19]} Rxf2 {[%clk 0:00:08]} 49. Bf3 {[%clk 0:00:20]} Rb2
{[%clk 0:00:09]} 50. Rb5 {[%clk 0:00:20]} Be8 {[%clk 0:00:10]} 51. Rb7+
{[%clk 0:00:21]} Kh6 {[%clk 0:00:11]} 52. a5 {[%clk 0:00:23]} Ra2
{[%clk 0:00:11]} 53. b4 {[%clk 0:00:24]} f5 {[%clk 0:00:07]} 54. Kc5
{[%clk 0:00:25]} f4 {[%clk 0:00:08]} 55. Rb6+ {[%clk 0:00:25]} Kg5
{[%clk 0:00:09]} 56. a6 {[%clk 0:00:26]} Bh5 {[%clk 0:00:05]} 57. b5
{[%clk 0:00:24]} Bg6 {[%clk 0:00:05]} 58. Rd6 {[%clk 0:00:24]} Ra4
{[%clk 0:00:04]} 59. Rd4 {[%clk 0:00:25]} Ra1 {[%clk 0:00:03]} 60. Kb6
{[%clk 0:00:26]} Be8 {[%clk 0:00:04]} 61. a7 {[%clk 0:00:27]} Rb1
{[%clk 0:00:04]} 62. Rd5+ {[%clk 0:00:27]} Kh4 {[%clk 0:00:05]} 63. a8=Q
{[%clk 0:00:25]} Bf7 {[%clk 0:00:06]} 64. Qd8# {[%clk 0:00:26]} 1-0

[Event "Blitz 2018"]
[Site "Saint-Petersburg"]
[Date "2018.12.30"]
[Round "18"]
[Board "36"]
[White "Petrosian Tigran L. (ARM)"]
[Black "Bazeev German (RUS)"]
[Result "1-0"]
[LiveChessVersion "1.4.8"]
[BlackElo "2422"]
[WhiteElo "2700"]

1. Nf3 {[%clk 0:03:03]} Nf6 {[%clk 0:03:03]} 2. g3 {[%clk 0:03:04]} d5
{[%clk 0:03:04]} 3. Bg2 {[%clk 0:03:05]} c6 {[%clk 0:03:06]} 4. c4
{[%clk 0:03:07]} g6 {[%clk 0:03:06]} 5. cxd5 {[%clk 0:03:08]} cxd5
{[%clk 0:03:07]} 6. d4 {[%clk 0:03:09]} Bg7 7. Nc3 O-O {[%clk 0:03:08]} 8. Ne5
{[%clk 0:03:12]} Nc6 {[%clk 0:03:09]} 9. O-O {[%clk 0:03:13]} e6 {[%clk 0:03:10]}
10. Nxc6 {[%clk 0:03:13]} bxc6 {[%clk 0:03:12]} 11. Bf4 {[%clk 0:03:14]} Nd7
{[%clk 0:03:11]} 12. Qd2 {[%clk 0:03:14]} e5 {[%clk 0:03:10]} 13. dxe5
{[%clk 0:03:15]} Nxe5 {[%clk 0:03:10]} 14. b3 {[%clk 0:03:16]} Re8
{[%clk 0:03:02]} 15. Rac1 {[%clk 0:03:17]} h5 {[%clk 0:01:44]} 16. Na4
{[%clk 0:03:15]} Bd7 {[%clk 0:01:44]} 17. Nc5 {[%clk 0:03:10]} Bf5
{[%clk 0:01:36]} 18. Rfd1 {[%clk 0:03:09]} Qb6 {[%clk 0:01:27]} 19. Be3
{[%clk 0:02:56]} Qd8 {[%clk 0:01:25]} 20. Bd4 {[%clk 0:02:55]} Rc8
{[%clk 0:01:24]} 21. h4 {[%clk 0:02:45]} Kh7 {[%clk 0:01:26]} 22. Qc3
{[%clk 0:02:39]} Qe7 {[%clk 0:01:24]} 23. Re1 {[%clk 0:02:33]} Bh6
{[%clk 0:01:24]} 24. Rcd1 {[%clk 0:02:26]} Bg4 {[%clk 0:01:20]} 25. Ra1
{[%clk 0:02:11]} f6 {[%clk 0:01:04]} 26. e4 {[%clk 0:02:05]} Qf7 {[%clk 0:00:58]}
27. f4 {[%clk 0:01:47]} Nd7 {[%clk 0:00:54]} 28. Nxd7 Bxd7 {[%clk 0:00:48]} 29.
Bxf6 {[%clk 0:01:39]} dxe4 {[%clk 0:00:49]} 30. Rxe4 {[%clk 0:01:29]} Bf8
{[%clk 0:00:42]} 31. Rae1 {[%clk 0:01:25]} c5 {[%clk 0:00:43]} 32. Rxe8
{[%clk 0:01:19]} Rxe8 {[%clk 0:00:44]} 33. Rxe8 {[%clk 0:01:19]} Qxe8
{[%clk 0:00:46]} 34. Qe5 {[%clk 0:01:18]} Qxe5 {[%clk 0:00:39]} 35. Bxe5
{[%clk 0:01:19]} Be6 {[%clk 0:00:40]} 36. Bf1 {[%clk 0:01:18]} Bf5
{[%clk 0:00:38]} 37. Kf2 {[%clk 0:01:15]} Be7 {[%clk 0:00:33]} 38. Bc4
{[%clk 0:01:15]} Bd8 {[%clk 0:00:31]} 39. Ke3 Bb6 40. Bc3 {[%clk 0:01:04]} Bb1
{[%clk 0:00:33]} 41. a4 {[%clk 0:01:05]} a5 {[%clk 0:00:31]} 42. Kd2
{[%clk 0:01:02]} Bf5 {[%clk 0:00:32]} 43. Be5 {[%clk 0:01:00]} Be4
{[%clk 0:00:32]} 44. Kc3 {[%clk 0:01:01]} Bf5 {[%clk 0:00:32]} 45. Bd5
{[%clk 0:01:01]} Bc8 {[%clk 0:00:27]} 46. Bf6 {[%clk 0:00:49]} Kh6
{[%clk 0:00:26]} 47. Kd3 {[%clk 0:00:45]} Bf5+ {[%clk 0:00:26]} 48. Kc4
{[%clk 0:00:46]} Bd7 {[%clk 0:00:26]} 49. Be7 {[%clk 0:00:45]} 1-0